000 00758nam a22002057a 4500
005 20210325192426.0
008 s2541 th tha d
041 _atha
090 _aว HQ792.T5 ว447ด 2541
100 0 _aวัลลภ ตังคณานุรักษ์
245 1 0 _aเด็กเร่ร่อน ปัญหาและทางออก
260 3 _aกรุงเทพฯ :
_bสถาบันพระปกเกล้า,
_c2541
300 _a100 หน้า ;
_b 21 ซม.
650 0 4 _aเด็กจรจัด -- วิจัย
650 0 4 _aเด็กเร่ร่อน -- วิจัย
850 _aNALT
942 _cRSH
997 _c000000000031532
_kVC
998 _aSAIPHON
999 _c31532
_d31532